000 00219nam a2200097Ia 4500
008 190216s9999||||xx |||||||||||||| ||und||
100 _aRoudolf Gelski
245 0 _aLoha Muriv
260 _bKerala Basha Inst
942 _cBK
999 _c37696
_d37696